Disney - Toutes les émotions de Vice-Versa par images - Statistiques

Statistiques générales
  • Ce quiz a été pris 1 003 fois
    957 depuis la dernière actualisation
  • Le résultat moyen est 9 sur 10
Statistiques - réponses
Par images Réponse % Correct
Joie
100%
Colère
99%
Peur
99%
Tristesse
99%
Dégout
98%
Anxiété
95%
Ennui
88%
Envie
84%
Nostalgie
83%
Embarras
77%
Aucun quiz correspondant
Distribution des résultats
% des personnes avec chaque résultat
Percentile par nombre de réponses
Votre historique - résultats
Vous n’avez pas pris ce quiz depuis la dernière actualisation